DOLO CASUALISMO FINALISMO FUNCIONALISMO Y LA REFORMA PENAL (Registro nro. 30449)
[ vista simple ]
| 000 -LEADER | |
|---|---|
| fixed length control field | 01057nam a2200205 a 4500 |
| 001 - CONTROL NUMBER | |
| control field | 30449 |
| 005 - DATE AND TIME OF LATEST TRANSACTION | |
| control field | 20180713233649.0 |
| 008 - FIXED-LENGTH DATA ELEMENTS--GENERAL INFORMATION | |
| fixed length control field | 140415s2007 000 0 spa d |
| 020 ## - INTERNATIONAL STANDARD BOOK NUMBER | |
| International Standard Book Number | 9789700775463 |
| 041 ## - LANGUAGE CODE | |
| Language code of text/sound track or separate title | spa |
| 082 ## - DEWEY DECIMAL CLASSIFICATION NUMBER | |
| Classification number | 345.7204 |
| Item number | DIA |
| 100 1# - MAIN ENTRY--PERSONAL NAME | |
| Personal name | Díaz Aranda, Enrique,. |
| 245 10 - TITLE STATEMENT | |
| Title | DOLO CASUALISMO FINALISMO FUNCIONALISMO Y LA REFORMA PENAL |
| 250 ## - EDITION STATEMENT | |
| Edition statement | 1ª EDICIÓN |
| 260 ## - PUBLICATION, DISTRIBUTION, ETC. | |
| Place of publication, distribution, etc. | [s.l.] : |
| Name of publisher, distributor, etc. | PORRUA, |
| Date of publication, distribution, etc. | 2007 |
| 300 ## - PHYSICAL DESCRIPTION | |
| Extent | 267 |
| Dimensions | 14 x 2 x 22 |
| 500 ## - GENERAL NOTE | |
| General note | EL LIBRO CONTIENE INDICE DE ABREVIATURAS Y REFERENCIAS BIBLI |
| 520 ## - SUMMARY, ETC. | |
| Summary, etc. | EN ESTA MONOGRAFIA SE ACLARA POR QUE CON LA EVOLUCION DE LOS SISTEMAS PENALES (CLASICO, NEOCLASICO, FINALISTA Y FUNCIONALISTA FUE NECESARIO CAMBIER LA UBICACIÓN DEL DOLO DE LA CULPABILIDAD AL TIPO, CUALES SON SUS APLICACIONES CONSEPTUALES, COMO SE PUEDE COMPROBAR EN EL PROCEDIMIENTO PENAL MEXICANO, Y POR QUE LA REFORMA DE 1999 AL CODIGO ADJETIVO TIENE UNA ORIENTACION POLITICO CRIMINAL CONTRATARIA A LOS POSTULADOS DE UN ESTADO DEMOCRATICO DE DERECHO. |
| 700 1# - ADDED ENTRY--PERSONAL NAME | |
| Personal name | CLAUS ROXIN |
| Relator term | pról. |
| Withdrawn status | Lost status | Source of classification or shelving scheme | Damaged status | Not for loan | Collection code | Home library | Current library | Shelving location | Date acquired | Source of acquisition | Total Checkouts | Full call number | Barcode | Date last seen | Date last checked out | Price effective from | Koha item type |
|---|---|---|---|---|---|---|---|---|---|---|---|---|---|---|---|---|---|
| Dewey Decimal Classification | General | Tehuacán | Tehuacán | Sala general | 03/12/2013 | Compra | 1 | 345.7204 DIA | 504946 | 08/01/2025 | 16/11/2022 | 03/12/2013 | Libro |